Biblioteka Instytutu Północnego w Olsztynie

Widok standardowy Widok MARC

Pozycja Corporate Name

Liczba rekordów, w których użyto hasła: 1

001 - Numer kontrolny

  • control field: 40613

003 - Identyfikator numeru kontrolnego

  • control field: NUKAT

005 - Data i czas ostatniej modyfikacji

  • control field: 20260427102548.0

008 - Dane kontrolne kodowane (40 znaków)

  • fixed length control field: 110118n||a|znnaabn |a ana |c

010 ## - Numer kontrolny Biblioteki Kongresu

  • numer kontrolny LC: n 2011021188

024 7# - OTHER STANDARD IDENTIFIER

  • Standard number or code: 155668820
  • Source of number or code: viaf

040 ## - Instytucja sporządzająca rekord

  • inst. przygot. dane do rek. khw: Ł U/RR
  • język haseł przedmiotowych/tezaurus: kaba
  • inst. wprow. rek. khw: Ł U/RRs
  • inst. modyf. rek. khw: WR O/DA
  • inst. modyf. rek. khw: WR O/EJ
  • inst. modyf. rek. khw: TOR U/TL

110 2# - Hasło - nazwa ciała zbiorowego

  • nazwa ciała zbior. lub geogr. na pocz.: Niezależny Samorządny Związek Zawodowy "Solidarność".
  • nazwa jednostki podrzędnej: Region Pomorze Zachodnie.

410 2# - Trop zob. - nazwa ciała zbiorowego

  • nazwa ciała zbior. lub geogr. na pocz.: NSZZ "Solidarność".
  • nazwa jednostki podrzędnej: Region Pomorze Zachodnie.

410 2# - Trop zob. - nazwa ciała zbiorowego

  • nazwa ciała zbior. lub geogr. na pocz.: "Solidarność" Regionu Pomorze Zachodnie.

410 2# - Trop zob. - nazwa ciała zbiorowego

  • nazwa ciała zbior. lub geogr. na pocz.: Region Pomorze Zachodnie.

410 2# - Trop zob. - nazwa ciała zbiorowego

  • nazwa ciała zbior. lub geogr. na pocz.: NSZZ "Solidarność" Pomorza Zachodniego.

410 2# - Trop zob. - nazwa ciała zbiorowego

  • nazwa ciała zbior. lub geogr. na pocz.: NSZZ "Solidarność" w Szczecinie.

410 2# - Trop zob. - nazwa ciała zbiorowego

  • nazwa ciała zbior. lub geogr. na pocz.: Solidarność Pomorza Zachodniego.

665 ## - Nota historyczna

  • nota historyczna: Związek Zawodowy NSZZ "Solidarność". Region Pomorze Zachodnie powstał w 1980.

670 ## - Źródło informacji

  • źródło informacji: Szczecin 1980-1981 : rewolucja "Solidarności" / Zdzisław Matusewicz. - Szczecin, 1997.

670 ## - Źródło informacji

  • źródło informacji: Jedność. - 1985
  • gdzie znaleziono informację: NSZZ "Solidarność" Pomorza Zachodniego

670 ## - Źródło informacji

  • źródło informacji: Wiadomości Regionu Pomorza Zachodniego : wydanie działaczy NSZZ "Solidarność" w Szczecinie. - nr 9 (12 marca 1982)

670 ## - Źródło informacji

  • źródło informacji: "Solidarność" dziś : oświadczenie programowe TKK "S" / Tymczasowa Komisja Koordynacyjna NSZZ "Solidarność". - Szczecin, 1983.
  • gdzie znaleziono informację: Wyd. (Solidarność Pomorza Zachodniego)
Biblioteka Instytutu Północnego, ul. Partyzantów 87, 10-402 Olsztyn, email: biblioteka(at)ip.olsztyn.pl